ბათუმის შოთა რუსთაველის სახელმწიფო უნივერსიტეტის ბიბლიოთეკა

Comparative Constitution Making / (ბიბ.ჩანაწერი № 63204)

000 -LEADER
fixed length control field 00717nam a22001937a 4500
005 - DATE AND TIME OF LATEST TRANSACTION
control field 20250626111459.0
008 - FIXED-LENGTH DATA ELEMENTS--GENERAL INFORMATION
fixed length control field 250626s2019 enk||||| |||| 00| 0 eng d
020 ## - INTERNATIONAL STANDARD BOOK NUMBER
International Standard Book Number 9781785365263x
041 ## - LANGUAGE CODE
Language code of text/sound track or separate title geo
080 ## - UNIVERSAL DECIMAL CLASSIFICATION NUMBER
Universal Decimal Classification number 342.41 C-73
245 ## - TITLE STATEMENT
Title Comparative Constitution Making /
Statement of responsibility, etc. Editors: David Landau and Hanna Lerner.
264 ## - PRODUCTION, PUBLICATION, DISTRIBUTION, MANUFACTURE, AND COPYRIGHT NOTICE
Place of production, publication, distribution, manufacture Cheltenham :
Name of producer, publisher, distributor, manufacturer Edward Elgar Publishing,
Date of production, publication, distribution, manufacture, or copyright notice 2019.
300 ## - PHYSICAL DESCRIPTION
Extent 614 p.;
Other physical details 25 sm.
653 ## - INDEX TERM--UNCONTROLLED
keyword შედარებითი კონსტიტუციის შექმნა
653 ## - INDEX TERM--UNCONTROLLED
keyword სამათალი
700 ## - ADDED ENTRY--PERSONAL NAME
Personal name Landau, David
Relator term რედაქტორი
9 (RLIN) 25543
700 ## - ADDED ENTRY--PERSONAL NAME
Personal name Lerner, Hanna
Relator term რედაქტორი
9 (RLIN) 25544
942 ## - ADDED ENTRY ELEMENTS (KOHA)
Source of classification or shelving scheme
Koha item type წიგნი
ეგზემპლარები
Withdrawn status Lost status Source of classification or shelving scheme Damaged status Not for loan Permanent Location Current Location Shelving location Date acquired Cost, normal purchase price Full call number Barcode Date last seen Copy number Price effective from Koha item type Public note
          ბათუმის შოთა რუსთაველის სახელმწიფო უნივერსიტეტის მთავარი ბიბლიოთეკა ბათუმის შოთა რუსთაველის სახელმწიფო უნივერსიტეტის მთავარი ბიბლიოთეკა წიგნსაცავი 2025-06-26 735.00 342.41 C-73 71981 2025-06-26 71981 2025-06-26 წიგნი 735 ლ.
          ბათუმის შოთა რუსთაველის სახელმწიფო უნივერსიტეტის მთავარი ბიბლიოთეკა ბათუმის შოთა რუსთაველის სახელმწიფო უნივერსიტეტის მთავარი ბიბლიოთეკა წიგნსაცავი 2025-06-26 735.00 342.41 C-73 71982 2025-06-26 71982 2025-06-26 წიგნი 735 ლ.
          ბათუმის შოთა რუსთაველის სახელმწიფო უნივერსიტეტის მთავარი ბიბლიოთეკა ბათუმის შოთა რუსთაველის სახელმწიფო უნივერსიტეტის მთავარი ბიბლიოთეკა წიგნსაცავი 2025-06-26 735.00 342.41 C-73 71983 2025-06-26 71983 2025-06-26 წიგნი 735 ლ.